Riadenie inovačných procesov v novom storočí

Salvato in:
Dettagli Bibliografici
Autore principale: Molnár, Pavol
Natura: Capitolo di libro
Lingua:slovacco
Tags: Aggiungi Tag
Nessun Tag, puoi essere il primo ad aggiungerne!!

MARC

LEADER 00000nla$a2200000$$$4500
001 0060898
005 20240502071658.5
041 0 |a slo 
044 |a SK 
245 1 0 |a Riadenie inovačných procesov v novom storočí  |c Pavol Molnár 
100 1 |a Molnár, Pavol